La mort de Bucéphale en un acte en vers / (Record no. 169502)

MARC details
000 -LEADER
campo de control de longitud fija 00529nam a2200169 i 4500
001 - NÚMERO DE CONTROL
campo de control 169502
003 - IDENTIFICADOR DE NÚMERO DE CONTROL
campo de control ES-MaACL
005 - FECHA Y HORA DE LA ÚLTIMA TRANSACCIÓN
campo de control 20230906214118.0
008 - DATOS DE LONGITUD FIJA--INFORMACIÓN GENERAL
campo de control de longitud fija 081001s1749 fr |||| | fre d
080 ## - NÚMERO DE LA CLASIFICACIÓN DECIMAL UNIVERSAL
Número de la Clasificación Decimal Universal 821.133.1-2"17"
100 1# - ENTRADA PRINCIPAL--NOMBRE DE PERSONA
Nombre de persona Rousseau, Pierre.
9 (RLIN) 100061
245 13 - MENCIÓN DEL TÍTULO
Título La mort de Bucéphale en un acte en vers /
Mención de responsabilidad, etc. [Pierre Rousseau].
250 ## - MENCION DE EDICION
Mención de edición Nouvelle édition.
260 ## - PUBLICACIÓN, DISTRIBUCIÓN, ETC.
Lugar de publicación, distribución, etc. Paris :
Nombre del editor, distribuidor, etc. Chez Cailleau,
Fecha de publicación, distribución, etc. 1749.
300 ## - DESCRIPCIÓN FÍSICA
Extensión 32 p. ;
Dimensiones 20 cm.
852 ## - LOCALIZACIÓN
Ubicación ES-MaACL
Número de control de estantería Armario 18
Nota libre .- Biblioteca Jacinto Martínez Lacalle
Holdings
Estatus retirado Estado de pérdida Estado de daño No para préstamo Colección Biblioteca de origen Biblioteca actual Ubicación en estantería Fecha de adquisición Fuente de adquisición Total de préstamos Signatura topográfica completa Código de barras Visto por última vez Precio de reemplazo Tipo de ítem Koha
        Libros del s. XVIII Biblioteca del Ateneo de Madrid Biblioteca del Ateneo de Madrid Depósito 15/10/2008     Armario 18 1178018 23/02/2023 23/02/2023 Libro impreso antiguo